| 000 | 00841cam a22002771 4500 | ||
|---|---|---|---|
| 001 | 34878 | ||
| 003 | BD-RjUL | ||
| 005 | 20211209052226.0 | ||
| 008 | 140519s1967 nyu b 000 0 eng | ||
| 035 | _a(BD-RjUL)34972 | ||
| 040 |
_aDLC _cDLC _dDLC _beng |
||
| 041 | _aeng | ||
| 082 | 0 | 0 |
_a364.973 _bSAD 1967 |
| 100 | 1 |
_aSavitz, Leonard D. _922055 |
|
| 245 | 1 | 0 |
_aDilemmas in criminology / _cLeonard Savitz. |
| 260 |
_aNew York : _bMcGraw-Hill ; _c1967 |
||
| 300 |
_aix, 130 p. ; _c21 cm. |
||
| 490 | 0 | _aMcGraw-Hill social problems series | |
| 504 | _aBibliography: p. [116]-123. | ||
| 650 | 0 |
_aCriminal law _zUnited States. _9106172 |
|
| 650 | 0 |
_aCriminal justice, Administration of _zUnited States. _9106173 |
|
| 650 | 0 |
_aCriminology _zUnited States. _9106174 |
|
| 942 |
_2ddc _cBK |
||
| 999 |
_c34878 _d34878 |
||